Performing architecture : opera houses, theatres and concert halls for the twenty-first century (Record no. 9830)

000 -LEADER
fixed length control field 00419 a2200145 4500
003 - CONTROL NUMBER IDENTIFIER
control field OSt
005 - DATE AND TIME OF LATEST TRANSACTION
control field 20220303171537.0
008 - FIXED-LENGTH DATA ELEMENTS--GENERAL INFORMATION
fixed length control field 220303b ||||| |||| 00| 0 eng d
020 ## - INTERNATIONAL STANDARD BOOK NUMBER
International Standard Book Number 9781858942797
082 ## - DEWEY DECIMAL CLASSIFICATION NUMBER
Classification number 725.81
Item number HAM
100 ## - MAIN ENTRY--PERSONAL NAME
Personal name Hammond, Michael, 1952-
245 ## - TITLE STATEMENT
Title Performing architecture : opera houses, theatres and concert halls for the twenty-first century
260 ## - PUBLICATION, DISTRIBUTION, ETC. (IMPRINT)
Name of publisher, distributor, etc Published by Merrell
942 ## - ADDED ENTRY ELEMENTS (KOHA)
Source of classification or shelving scheme
Holdings
Withdrawn status Lost status Source of classification or shelving scheme Damaged status Koha normalized classification for sorting Not for loan Permanent location Current location Date acquired Source of acquisition Cost, normal purchase price Total Checkouts Full call number Barcode Date last seen Date last borrowed Cost, replacement price Price effective from Koha item type
        725_810000000000000_HAM   BMS College of Architecture, Design and Planning BMS College of Architecture, Design and Planning 2022-03-03 4 2405.73 2 725.81 HAM AR-UG2412 2024-11-04 2024-10-18 3207.64 2022-03-03 UG Books
Copyright © 2025, The Librarian, Library and Information Centre, BMSCA D&P, Bengaluru. All Rights Reserved
web counter

Powered by Koha